Proceedings ed by Dorin Poenaru and Sabin Stoica (Record no. 52386)

MARC details
000 -LEADER
fixed length control field 01187nam a2200325Ia 4500
003 - CONTROL NUMBER IDENTIFIER
control field OSt
005 - DATE AND TIME OF LATEST TRANSACTION
control field 20220912150658.0
008 - FIXED-LENGTH DATA ELEMENTS--GENERAL INFORMATION
fixed length control field 220909b |||||||| |||| 00| 0 eng d
020 ## - INTERNATIONAL STANDARD BOOK NUMBER
International Standard Book Number 981024276X (hbd)
037 ## - SOURCE OF ACQUISITION
Terms of availability Textual
040 ## - CATALOGING SOURCE
Original cataloging agency CSL
Language of cataloging eng
Transcribing agency CSL
041 ## - LANGUAGE CODE
Language code of text/sound track or separate title eng
100 ## - MAIN ENTRY--PERSONAL NAME
Personal name Poenaru Dorin Ed
111 ## - MAIN ENTRY--MEETING NAME
Meeting name or jurisdiction name as entry element Proceedings of the international symposium on : Advances in nuclear physics^cBucharest, Romania^i9-10 December 1999
245 #0 - TITLE STATEMENT
Title Proceedings ed by Dorin Poenaru and Sabin Stoica
260 ## - PUBLICATION, DISTRIBUTION, ETC.
Place of publication, distribution, etc. Singapore
Name of publisher, distributor, etc. World Scientific
Date of publication, distribution, etc. 2000
300 ## - PHYSICAL DESCRIPTION
Extent xiii, 433p
500 ## - GENERAL NOTE
General note Includes bibliographical references; ^n23/CSL/C/2001-2002/321^d2001-12-06^mPurchase; ; 2001-2002/287^b2001-11-19^c01435^d2001-10-15^eRs.3,163.45^fWorld Scientific Publishing Co Pte Ltd; ; 2001-12-06^bSB^c2003-09-12^dJindal
650 ## - SUBJECT ADDED ENTRY--TOPICAL TERM
Topical term or geographic name entry element Nuclear Physics
650 ## - SUBJECT ADDED ENTRY--TOPICAL TERM
Topical term or geographic name entry element Proceedings
650 ## - SUBJECT ADDED ENTRY--TOPICAL TERM
Topical term or geographic name entry element Physics
700 ## - ADDED ENTRY--PERSONAL NAME
Personal name Stoica Sabin Ed
942 ## - ADDED ENTRY ELEMENTS (KOHA)
Classification part C9B3p1,N99, P0
Koha item type Textual
Source of classification or shelving scheme Colon Classification (CC)

No items available.

Copyright @ Delhi University Library System